Quiz stade Premier League - Statistiques

Statistiques générales
  • Ce quiz a été pris 63 fois
  • Le résultat moyen est 9 sur 20
Statistiques - réponses
Club Stade % Correct
Manchester United Old Trafford
91%
FC LIverpool Anfield
85%
FC Arsenal Emirates Stadium
81%
Manchester City Etihad Stadium
81%
FC Chelsea Stamford Bridge
74%
Newcastle United St James Park
61%
Aston Villa Villa Park
57%
Tottenham Tottenham Hotspur Stadium
48%
West Ham London Stadium
46%
FC Everton Goodison Park
37%
Leicester City King Power Sttadium
28%
Wolverampthon Molineux Stadium
28%
FC Fulham Craven Cottage
26%
Crystal Palace Selhurst Park
20%
FC Southampton St Mary Stadium
20%
Brighton AMEX Stadium
19%
Nottingham Forest The City Ground
15%
AFC Bournemouth Vitality Stadium
15%
Ipswich Town Portman Road
9%
FC Brentford Gtech Community Stadium
7%
Aucun quiz correspondant
Distribution des résultats
% des personnes avec chaque résultat
Percentile par nombre de réponses
Votre historique - résultats
Vous n’avez pas pris ce quiz